[Event "DEM U12 2005"]
[Site "Willingen GER"]
[Date "2005.05.18"]
[Round "6"]
[White "Graf, Felix"]
[Black "Specht, Christian"]
[Result "1/2-1/2"]
[Termination "normal"]
[Board "1"]
[WhiteElo "2152"]
[BlackElo "1568"]
[PlyCount "38"]
[WhiteFideId "24608904"]
[BlackFideId "24647985"]
[EventCountry "GER"]
[EventRounds "11"]
[EventType "swiss"]
[EventDate "2005.05.15"]

1. d4 f5 2. Nf3 Nf6 3. g3 g6 4. Bg2 Bg7 5. O-O O-O 6. c4 d6 7. b4 Qe8 8. Bb2 h6
9. Nbd2 g5 10. d5 Qh5 11. Nd4 Na6 12. a3 f4 13. e3 Bg4 14. Qb3 Bh3 15. exf4
gxf4 16. N2f3 fxg3 17. fxg3 Ng4 18. Nh4 Bxg2 19. Kxg2 Qg5 1/2-1/2

[Event "DEM U12 2005"]
[Site "Willingen GER"]
[Date "2005.05.18"]
[Round "6"]
[White "Kaphle, Stephan"]
[Black "Schäfer, Alexander"]
[Result "1-0"]
[Termination "normal"]
[Board "2"]
[WhiteElo "1954"]
[BlackElo "2035"]
[PlyCount "45"]
[WhiteFideId "24629103"]
[BlackFideId "24615196"]
[EventCountry "GER"]
[EventRounds "11"]
[EventType "swiss"]
[EventDate "2005.05.15"]

1. e4 e5 2. Nf3 f5 3. d3 Nc6 4. Nc3 Nf6 5. Bg5 Bb4 6. a3 Bxc3+ 7. bxc3 O-O 8.
g3 d5 9. exd5 Qxd5 10. Bg2 Qa5 11. Bd2 Bd7 12. O-O Rae8 13. c4 Qa6 14. Bb4 Nxb4
15. axb4 Qb6 16. c3 a6 17. c5 Qa7 18. Re1 e4 19. dxe4 fxe4 20. Ng5 Qb8 21. Nxe4
Nxe4 22. Bxe4 Qc8 23. Qd5+ 1-0

[Event "DEM U12 2005"]
[Site "Willingen GER"]
[Date "2005.05.18"]
[Round "6"]
[White "Lobmeyer, Fabian"]
[Black "Zelbel, Patrick"]
[Result "0-1"]
[Termination "normal"]
[Board "3"]
[WhiteElo "1616"]
[BlackElo "1927"]
[PlyCount "42"]
[WhiteFideId "24659681"]
[BlackFideId "24624322"]
[EventCountry "GER"]
[EventRounds "11"]
[EventType "swiss"]
[EventDate "2005.05.15"]

1. d4 Nf6 2. c4 g6 3. Nc3 Bg7 4. e4 d6 5. Nf3 O-O 6. Be2 e5 7. d5 a5 8. Bg5 h6
9. Bh4 Na6 10. Nd2 Nc5 11. b3 g5 12. Bg3 Nfxe4 13. Ndxe4 Nxe4 14. Nxe4 f5 15.
f3 fxe4 16. fxe4 Qf6 17. Bf3 Qg6 18. h4 g4 19. h5 Qh7 20. Be2 Qxe4 21. Rg1 Qe3
0-1

[Event "DEM U12 2005"]
[Site "Willingen GER"]
[Date "2005.05.18"]
[Round "6"]
[White "Wittke, Rene"]
[Black "Grimm, Pascal"]
[Result "1/2-1/2"]
[Termination "normal"]
[Board "4"]
[WhiteElo "1612"]
[BlackElo "1838"]
[PlyCount "27"]
[WhiteFideId "24640255"]
[BlackFideId "24620122"]
[EventCountry "GER"]
[EventRounds "11"]
[EventType "swiss"]
[EventDate "2005.05.15"]

1. e4 c5 2. c3 d6 3. d4 Nc6 4. dxc5 Nf6 5. f3 d5 6. exd5 Qxd5 7. Qxd5 Nxd5 8.
Bc4 e6 9. b4 Ne5 10. Bxd5 exd5 11. Nd2 a5 12. Ke2 b6 13. cxb6 Ba6+ 14. Kd1
1/2-1/2

[Event "DEM U12 2005"]
[Site "Willingen GER"]
[Date "2005.05.18"]
[Round "6"]
[White "Huhnstock, Rico"]
[Black "Wang, Zhangxian"]
[Result "1-0"]
[Termination "normal"]
[Board "5"]
[WhiteElo "1424"]
[BlackElo "1734"]
[PlyCount "47"]
[WhiteFideId "24642932"]
[EventCountry "GER"]
[EventRounds "11"]
[EventType "swiss"]
[EventDate "2005.05.15"]

1. e4 c6 2. d4 d5 3. exd5 cxd5 4. Bd3 Nc6 5. c3 g6 6. h3 Bg7 7. Nf3 Nf6 8. O-O
O-O 9. Re1 Bf5 10. Bxf5 gxf5 11. Bf4 e6 12. Nbd2 Kh8 13. Ne5 Qe7 14. Ndf3 Nd7
15. Nxd7 Qxd7 16. Ne5 Nxe5 17. dxe5 Rac8 18. Qh5 Qb5 19. Re2 Qc4 20. Bg5 b5 21.
a3 Rc7 22. Rd1 Rb7 23. Rd4 Qc7 24. Rh4 1-0

[Event "DEM U12 2005"]
[Site "Willingen GER"]
[Date "2005.05.18"]
[Round "6"]
[White "Friedrich, Wiede"]
[Black "Stahnecker, Wieland"]
[Result "1/2-1/2"]
[Termination "normal"]
[Board "6"]
[WhiteElo "1739"]
[BlackElo "1576"]
[PlyCount "28"]
[WhiteFideId "24629537"]
[BlackFideId "4694481"]
[EventCountry "GER"]
[EventRounds "11"]
[EventType "swiss"]
[EventDate "2005.05.15"]

1. e4 e6 2. d3 d5 3. Nd2 Nf6 4. g3 c5 5. Bg2 Nc6 6. Ngf3 Be7 7. O-O O-O 8. Re1
b5 9. c3 Qb6 10. e5 Nd7 11. b3 a5 12. a4 bxa4 13. bxa4 Ba6 14. Nb1 Rfb8 1/2-1/2

[Event "DEM U12 2005"]
[Site "Willingen GER"]
[Date "2005.05.18"]
[Round "6"]
[White "Petermann, Michail"]
[Black "Endress, Anna"]
[Result "1/2-1/2"]
[Termination "normal"]
[Board "7"]
[WhiteElo "1551"]
[BlackElo "1725"]
[PlyCount "105"]
[WhiteFideId "24643530"]
[BlackFideId "24629472"]
[EventCountry "GER"]
[EventRounds "11"]
[EventType "swiss"]
[EventDate "2005.05.15"]

1. Nf3 Nf6 2. c4 e6 3. d4 d5 4. Nc3 Be7 5. Bg5 h6 6. Bh4 O-O 7. e3 b6 8. Rc1
Bb7 9. Bd3 Nbd7 10. O-O c5 11. cxd5 exd5 12. Bb1 Rc8 13. Re1 Ne4 14. Bxe7 Qxe7
15. Nd2 Ndf6 16. Ndxe4 Nxe4 17. Nxe4 dxe4 18. dxc5 Rxc5 19. Rxc5 Qxc5 20. Qa4
b5 21. Qc2 Qb4 22. Rd1 Rc8 23. Qe2 Kf8 24. h3 Qc4 25. Kf1 Ke7 26. Qxc4 Rxc4 27.
Ke2 f5 28. a3 a5 29. Ba2 Rc2+ 30. Rd2 Rxd2+ 31. Kxd2 Kd6 32. Kc3 Bd5 33. Bb1
Kc5 34. Bc2 g5 35. Bd1 Be6 36. Be2 Bd7 37. b3 Kd5 38. Bd1 Kc5 39. b4+ axb4+ 40.
axb4+ Kd5 41. Be2 Ke5 42. Kd2 Be8 43. Kc3 h5 44. g3 h4 45. gxh4 gxh4 46. Bf1
Bd7 47. Be2 f4 48. Bf1 f3 49. Kd2 Kd5 50. Kc3 Be6 51. Kb3 Kd6+ 52. Kc3 Kd5 53.
Kd2 1/2-1/2

[Event "DEM U12 2005"]
[Site "Willingen GER"]
[Date "2005.05.18"]
[Round "6"]
[White "Kusmierek, Kasper"]
[Black "Schmitt, Philipp"]
[Result "0-1"]
[Termination "time forfeit"]
[Board "8"]
[WhiteElo "1543"]
[BlackElo "1705"]
[PlyCount "76"]
[BlackFideId "24641766"]
[EventCountry "GER"]
[EventRounds "11"]
[EventType "swiss"]
[EventDate "2005.05.15"]

1. e4 e6 2. d4 d5 3. e5 c5 4. c3 Qb6 5. Nf3 Nc6 6. a3 Bd7 7. b4 cxd4 8. cxd4
Rc8 9. Bb2 Na5 10. Nbd2 Nc4 11. Nxc4 dxc4 12. Rc1 Bb5 13. Be2 Qa6 14. O-O Ne7
15. Qc2 Nd5 16. Nd2 Rc7 17. Ne4 b6 18. Nc3 Nxc3 19. Qxc3 Be7 20. Bf3 O-O 21.
Rfd1 Bg5 22. Ra1 Ba4 23. Re1 Rd8 24. g3 Rcd7 25. h4 Rxd4 26. hxg5 Rd3 27. Qc1
Rxf3 28. Re4 Rd1+ 29. Qxd1 Bxd1 30. Rxd1 g6 31. Rc1 b5 32. Rh4 c3 33. Bxc3 Qxa3
34. Bd2 Qb2 35. Be3 Kg7 36. Kg2 Rxe3 37. Rch1 Re2 38. Kg1 Re1+ 0-1

[Event "DEM U12 2005"]
[Site "Willingen GER"]
[Date "2005.05.18"]
[Round "6"]
[White "Zimmermann, Gordon"]
[Black "Braun, Georg"]
[Result "1-0"]
[Termination "normal"]
[Board "9"]
[WhiteElo "1686"]
[BlackElo "1493"]
[PlyCount "89"]
[WhiteFideId "24624330"]
[BlackFideId "24629383"]
[EventCountry "GER"]
[EventRounds "11"]
[EventType "swiss"]
[EventDate "2005.05.15"]

1. e4 e6 2. d4 d5 3. Nd2 Nf6 4. e5 Nfd7 5. f4 c5 6. c3 Nc6 7. Ndf3 Qb6 8. Ne2
cxd4 9. cxd4 f6 10. Nc3 fxe5 11. fxe5 Be7 12. Bd3 O-O 13. Rb1 Kh8 14. Na4 Bb4+
15. Bd2 Qa5 16. Nc3 Qb6 17. Ne2 Be7 18. a3 h6 19. Nf4 Rxf4 20. Bxf4 Nxd4 21.
Bg6 Nxf3+ 22. Qxf3 Qa5+ 23. Bd2 Qc7 24. O-O b6 25. Rbc1 Qd8 26. Rce1 Bc5+ 27.
Kh1 Ba6 28. Bd3 Bb7 29. Qf7 Qe8 30. Bb5 Rd8 31. Qxe8+ Rxe8 32. Bxd7 Re7 33.
Rf8+ Kh7 34. Be8 d4 35. h4 Rxe8 36. Rxe8 Bc6 37. Rc8 Bb7 38. Rc7 Bd5 39. Rf1 d3
40. Rff7 Be4 41. Rxg7+ Kh8 42. Bxh6 Bb7 43. Rh7+ Kg8 44. Rcg7+ Kf8 45. Rh8# 1-0

[Event "DEM U12 2005"]
[Site "Willingen GER"]
[Date "2005.05.18"]
[Round "6"]
[White "Sancar, Kenan"]
[Black "Gadschisade, Machmud"]
[Result "0-1"]
[Termination "normal"]
[Board "10"]
[WhiteElo "1517"]
[BlackElo "1676"]
[PlyCount "60"]
[WhiteFideId "24647543"]
[BlackFideId "4647734"]
[EventCountry "GER"]
[EventRounds "11"]
[EventType "swiss"]
[EventDate "2005.05.15"]

1. e4 c6 2. d4 d5 3. f3 dxe4 4. fxe4 e5 5. Nf3 exd4 6. Qxd4 Qxd4 7. Nxd4 Nf6 8.
Bd3 Bc5 9. c3 O-O 10. Bg5 Nxe4 11. Bxe4 Re8 12. Nd2 f5 13. N4b3 Bb6 14. O-O-O
fxe4 15. Rhe1 Bg4 16. Nxe4 Bxd1 17. Nf6+ gxf6 18. Rxe8+ Kf7 19. Rh8 Bxb3 20.
Bf4 Bxa2 21. Rxb8 Rxb8 22. Bxb8 Bd5 23. g3 a6 24. Bf4 Ke6 25. Kd2 Kf5 26. Ke2
Kg4 27. h4 Bc4+ 28. Ke1 Kf3 29. b4 Bf2+ 30. Kd2 Bxg3 0-1

[Event "DEM U12 2005"]
[Site "Willingen GER"]
[Date "2005.05.18"]
[Round "6"]
[White "Aslan, Benjamin"]
[Black "Günnigmann, Manuel"]
[Result "1-0"]
[Termination "normal"]
[Board "11"]
[WhiteElo "1507"]
[BlackElo "1625"]
[PlyCount "71"]
[WhiteFideId "24640298"]
[BlackFideId "24640360"]
[EventCountry "GER"]
[EventRounds "11"]
[EventType "swiss"]
[EventDate "2005.05.15"]

1. d4 Nf6 2. c4 d6 3. Nc3 Nbd7 4. Nf3 e5 5. g3 Be7 6. Bg2 c6 7. e4 O-O 8. O-O
a6 9. h3 b5 10. cxb5 cxb5 11. Be3 Bb7 12. Ne1 b4 13. Nd5 Nxd5 14. exd5 exd4 15.
Bxd4 Bf6 16. Nc2 a5 17. Rc1 Rc8 18. Re1 Re8 19. b3 Rxe1+ 20. Qxe1 Rxc2 21. Rxc2
Bxd4 22. Rc4 Bc3 23. Qd1 Nb6 24. Rh4 Bf6 25. Rf4 Be5 26. Rh4 Qc8 27. Qd3 h6 28.
Qb5 Qd8 29. Qxa5 Bf6 30. Rxb4 Bxd5 31. Qxb6 Qxb6 32. Rxb6 Bxg2 33. Kxg2 d5 34.
Rd6 d4 35. Kf3 Be5 36. Rd8+ 1-0

[Event "DEM U12 2005"]
[Site "Willingen GER"]
[Date "2005.05.18"]
[Round "6"]
[White "Mohr, Fides"]
[Black "Kotainy, Jens"]
[Result "1/2-1/2"]
[Termination "normal"]
[Board "12"]
[WhiteElo "1476"]
[BlackElo "1624"]
[PlyCount "82"]
[BlackFideId "24670499"]
[EventCountry "GER"]
[EventRounds "11"]
[EventType "swiss"]
[EventDate "2005.05.15"]

1. e4 c5 2. Nf3 Nc6 3. d4 cxd4 4. Nxd4 Nf6 5. Nc3 e5 6. Nf5 d5 7. exd5 Bxf5 8.
dxc6 Qxd1+ 9. Nxd1 bxc6 10. Ne3 Be6 11. Nc4 Bxc4 12. Bxc4 Bc5 13. O-O O-O 14.
h3 Rab8 15. Re1 Rfe8 16. Bb3 Nd5 17. Bd2 f5 18. Bc3 e4 19. Rad1 Rbd8 20. Ba5
Rd7 21. c4 Nf6 22. Rxd7 Nxd7 23. Rd1 Ne5 24. Bc3 Nd3 25. Rd2 Rd8 26. Bc2 Be7
27. Kf1 Bg5 28. Rd1 Kf7 29. g3 f4 30. gxf4 Bxf4 31. Ke2 Nc1+ 32. Ke1 Rxd1+ 33.
Kxd1 Nxa2 34. Bd4 Nb4 35. Bxe4 a6 36. Bc5 a5 37. Bxb4 axb4 38. Bxc6 Bd6 39. Kd2
Ke6 40. Kd3 Bc5 41. f3 Ke5 1/2-1/2

[Event "DEM U12 2005"]
[Site "Willingen GER"]
[Date "2005.05.18"]
[Round "6"]
[White "März, Julian"]
[Black "Ma, Beini"]
[Result "0-1"]
[Termination "normal"]
[Board "14"]
[WhiteElo "1439"]
[BlackElo "1630"]
[PlyCount "124"]
[WhiteFideId "24646172"]
[BlackFideId "24630101"]
[EventCountry "GER"]
[EventRounds "11"]
[EventType "swiss"]
[EventDate "2005.05.15"]

1. e4 c5 2. d3 Nc6 3. Nd2 g6 4. g3 Bg7 5. Bg2 e6 6. Ngf3 Nge7 7. O-O O-O 8. Re1
d5 9. Nf1 Qc7 10. h4 Rd8 11. N1h2 c4 12. d4 dxe4 13. Rxe4 f5 14. Re1 Nxd4 15.
Nxd4 Rxd4 16. Qe2 e5 17. Be3 Rd8 18. Bg5 Re8 19. Rad1 Be6 20. c3 Nc6 21. h5 h6
22. Bc1 g5 23. f3 Rad8 24. g4 f4 25. Rxd8 Rxd8 26. Rd1 Rxd1+ 27. Qxd1 Qd7 28.
Qxd7 Bxd7 29. Bf1 Na5 30. Be2 Bc6 31. Kf2 b5 32. Kg2 e4 33. Kf2 Kf7 34. Kg2 Nb7
35. fxe4 Bxe4+ 36. Bf3 Bxf3+ 37. Kxf3 Nc5 38. Ke2 Nd3 39. Kd2 Ke6 40. b3 Nxc1
41. Kxc1 Bxc3 42. Kc2 Bb4 43. bxc4 bxc4 44. Kd1 Kd5 45. Ke2 Ke4 46. Nf3 c3 47.
Ne1 f3+ 48. Nxf3 c2 49. Nd2+ Bxd2 50. Kxd2 Kf3 51. Kxc2 Kxg4 52. Kb3 Kxh5 53.
Kc4 g4 54. Kb5 g3 55. Ka6 g2 56. a4 g1=Q 57. a5 Kg5 58. Kb7 Kf6 59. Ka8 Ke7 60.
a6 Qb1 61. Kxa7 Kd7 62. Ka8 Kc7 0-1

[Event "DEM U12 2005"]
[Site "Willingen GER"]
[Date "2005.05.18"]
[Round "6"]
[White "Weissbeck, Simon"]
[Black "Kartsev, Alexandr"]
[Result "1/2-1/2"]
[Termination "normal"]
[Board "15"]
[WhiteElo "1439"]
[BlackElo "1600"]
[PlyCount "91"]
[WhiteFideId "24646865"]
[BlackFideId "24647110"]
[EventCountry "GER"]
[EventRounds "11"]
[EventType "swiss"]
[EventDate "2005.05.15"]

1. e4 d5 2. exd5 Nf6 3. d4 Nxd5 4. Nf3 Bg4 5. c4 Nb6 6. c5 N6d7 7. h3 Bh5 8.
Qb3 Bxf3 9. Qxf3 Nc6 10. Bc4 Nf6 11. Bb5 Qd5 12. Bxc6+ Qxc6 13. Nd2 Qxf3 14.
Nxf3 g6 15. O-O Bg7 16. Be3 O-O 17. Rfe1 e6 18. Bg5 Rad8 19. Rad1 h6 20. Bxf6
Bxf6 21. Rd2 Rd5 22. Red1 Rfd8 23. Kf1 b6 24. cxb6 axb6 25. b3 g5 26. Ke2 Bg7
27. Ke3 f5 28. g4 Kf7 29. Rc1 c5 30. dxc5 Rxd2 31. Nxd2 Bd4+ 32. Ke2 Bxc5 33.
Nc4 f4 34. Ne5+ Kf6 35. Nc4 e5 36. Nxb6 Bb4 37. Nc4 e4 38. a3 Be7 39. Rd1 Rb8
40. b4 Rc8 41. Nd6 Rc2+ 42. Kf1 e3 43. fxe3 fxe3 44. Ne4+ Ke5 45. Ng3 Ra2 46.
Re1 1/2-1/2

[Event "DEM U12 2005"]
[Site "Willingen GER"]
[Date "2005.05.18"]
[Round "6"]
[White "Osmanodja, Bilgin"]
[Black "Wapenhans, Martin"]
[Result "1-0"]
[Termination "normal"]
[Board "16"]
[WhiteElo "1574"]
[BlackElo "1416"]
[PlyCount "90"]
[EventCountry "GER"]
[EventRounds "11"]
[EventType "swiss"]
[EventDate "2005.05.15"]

1. e4 c5 2. Nf3 Nc6 3. d4 cxd4 4. Nxd4 Nf6 5. Nc3 e5 6. Ndb5 d6 7. Bg5 a6 8.
Bxf6 gxf6 9. Na3 b5 10. Nd5 f5 11. exf5 Bxf5 12. Qf3 Bd7 13. Nf6+ Ke7 14. Nd5+
Ke8 15. c3 Bg7 16. Bd3 Rc8 17. O-O Qg5 18. Nb6 Rc7 19. Nxd7 Kxd7 20. Qxf7+ Ne7
21. Qf3 Ng6 22. Qf5+ Qxf5 23. Bxf5+ Ke7 24. Rad1 Bh6 25. Bxg6 hxg6 26. Nc2 a5
27. Ne3 Ke6 28. Rd3 Rd8 29. Rfd1 Rcd7 30. Rd5 Rb8 31. Ng4 Bg7 32. f3 a4 33. Nf2
Bf8 34. Ne4 Rbb7 35. Kf2 Be7 36. Kg3 Bf8 37. Kg4 Be7 38. g3 b4 39. c4 a3 40. b3
Rbc7 41. Rb5 Rb7 42. Rdd5 Rdc7 43. Nf2 Rd7 44. Nd3 Rdc7 45. Nxb4 Ra7 1-0

[Event "DEM U12 2005"]
[Site "Willingen GER"]
[Date "2005.05.18"]
[Round "6"]
[White "Schätz, Annika"]
[Black "Dünzel, Jonas"]
[Result "0-1"]
[Termination "normal"]
[Board "17"]
[WhiteElo "1386"]
[BlackElo "1516"]
[PlyCount "80"]
[WhiteFideId "24674796"]
[BlackFideId "24631167"]
[EventCountry "GER"]
[EventRounds "11"]
[EventType "swiss"]
[EventDate "2005.05.15"]

1. e4 c5 2. Nf3 Nc6 3. d4 cxd4 4. Nxd4 Nf6 5. Nc3 e5 6. Ndb5 d6 7. Bg5 a6 8.
Na3 b5 9. Nd5 Be7 10. Bxf6 Bxf6 11. c3 O-O 12. Nc2 Bg5 13. Be2 Kh8 14. O-O f5
15. exf5 Bxf5 16. a4 bxa4 17. Rxa4 a5 18. Bb5 Ne7 19. Nxe7 Bxe7 20. Bc6 Rb8 21.
b4 Bxc2 22. Qxc2 axb4 23. Rxb4 Qc7 24. Rxb8 Rxb8 25. Be4 g6 26. Ra1 Kg7 27. c4
Qc5 28. h3 Rc8 29. Ra4 d5 30. Bd3 e4 31. Be2 Bh4 32. Bf1 Rf8 33. Ra2 e3 34.
Qb2+ Bf6 35. Qc2 Bd4 36. cxd5 Qxd5 37. Qc7+ Rf7 38. Qc2 Rxf2 39. Qc7+ Rf7 40.
Qxf7+ Qxf7 0-1

[Event "DEM U12 2005"]
[Site "Willingen GER"]
[Date "2005.05.18"]
[Round "6"]
[White "Wilke, Friedrich"]
[Black "Iwanziw, Niklas"]
[Result "0-1"]
[Termination "normal"]
[Board "18"]
[WhiteElo "1458"]
[BlackElo "1406"]
[PlyCount "92"]
[BlackFideId "24647101"]
[EventCountry "GER"]
[EventRounds "11"]
[EventType "swiss"]
[EventDate "2005.05.15"]

1. d4 d5 2. Nf3 Nf6 3. g3 e6 4. Bg2 Bd6 5. O-O Nbd7 6. b3 O-O 7. Bb2 c6 8. Nbd2
Qc7 9. c4 b6 10. Rc1 Ba6 11. Re1 Rad8 12. Qc2 Rfe8 13. Ng5 h6 14. Nh3 Rc8 15.
c5 bxc5 16. dxc5 Bxc5 17. Bxf6 Bxf2+ 18. Nxf2 Nxf6 19. e4 Qb6 20. Qc5 Red8 21.
Bf1 Bxf1 22. Nxf1 Nd7 23. Qxb6 Nxb6 24. exd5 cxd5 25. Nd3 Kf8 26. Ne3 f6 27.
Nf4 Kf7 28. a4 d4 29. Nc4 e5 30. Nd3 Nxc4 31. Rxc4 Rxc4 32. bxc4 Rc8 33. c5 a5
34. Kg2 Ke6 35. Kf3 Kd5 36. g4 g6 37. h4 Re8 38. Nf4+ Kxc5 39. Nxg6 Kb4 40. Ra1
e4+ 41. Ke2 Rc8 42. Kd2 Rc3 43. Nf4 Rg3 44. Nd5+ Kc5 45. Nxf6 Rg2+ 46. Ke1 Rg1+
0-1

[Event "DEM U12 2005"]
[Site "Willingen GER"]
[Date "2005.05.18"]
[Round "6"]
[White "Lingl, Xenia"]
[Black "Billing, Alexander"]
[Result "1-0"]
[Termination "normal"]
[Board "19"]
[WhiteElo "1363"]
[BlackElo "1728"]
[PlyCount "85"]
[BlackFideId "24624420"]
[EventCountry "GER"]
[EventRounds "11"]
[EventType "swiss"]
[EventDate "2005.05.15"]

1. e4 e6 2. d4 d5 3. Nd2 Nf6 4. Bd3 c5 5. e5 Nfd7 6. c3 Nc6 7. Ngf3 cxd4 8.
cxd4 Qb6 9. O-O Nxd4 10. Nxd4 Qxd4 11. Nf3 Qb6 12. Qa4 Bc5 13. Qg4 g6 14. a3
Bf8 15. b4 Bg7 16. Re1 O-O 17. Bb2 Qd8 18. Rac1 Nb6 19. Bd4 Bd7 20. Be3 Rc8 21.
Kh1 Qe8 22. Bc5 f5 23. Qh4 Na4 24. Bxf8 Bxf8 25. Rxc8 Bxc8 26. Rc1 Nb2 27. Rc7
h6 28. Be2 g5 29. Qd4 Qd8 30. Rxc8 Qxc8 31. Qxb2 g4 32. Nh4 Qd8 33. g3 Qb6 34.
Kg1 Bc5 35. Bd3 Bd4 36. Qc2 Bxe5 37. Qc8+ Kh7 38. Qd7+ Kg8 39. Ng6 Bd4 40. Qe8+
Kg7 41. Nf4 Bxf2+ 42. Kg2 Bg1 43. Nh5+ 1-0

[Event "DEM U12 2005"]
[Site "Willingen GER"]
[Date "2005.05.18"]
[Round "6"]
[White "Weber, Raphael"]
[Black "Kreutzer, Alexander"]
[Result "0-1"]
[Termination "normal"]
[Board "20"]
[WhiteElo "1721"]
[BlackElo "1442"]
[PlyCount "80"]
[WhiteFideId "24644110"]
[BlackFideId "24670685"]
[EventCountry "GER"]
[EventRounds "11"]
[EventType "swiss"]
[EventDate "2005.05.15"]

1. e4 e5 2. Nf3 Nc6 3. Bc4 Bc5 4. c3 Nf6 5. d4 exd4 6. cxd4 Bb4+ 7. Bd2 Bxd2+
8. Nbxd2 d6 9. O-O O-O 10. Re1 d5 11. exd5 Nxd5 12. Ne4 Bg4 13. h3 Bxf3 14.
Qxf3 Nxd4 15. Qg3 Nc2 16. Bxd5 Nxa1 17. Rxa1 c6 18. Bb3 Qd4 19. Nc3 Rad8 20.
Rd1 Qf6 21. Rxd8 Rxd8 22. Qc7 Re8 23. Qg3 g6 24. Qf3 Re1+ 25. Kh2 Qe5+ 26. g3
Qe7 27. Kg2 Kg7 28. Qf4 b5 29. Qd4+ Kg8 30. Nd1 c5 31. Qd5 c4 32. Bc2 Re2 33.
Ne3 Qxe3 34. h4 Rxf2+ 35. Kh3 Qe6+ 36. Qxe6 fxe6 37. Be4 Rxb2 38. Bc6 c3 39.
Be4 c2 40. Bxc2 Rxc2 0-1

[Event "DEM U12 2005"]
[Site "Willingen GER"]
[Date "2005.05.18"]
[Round "6"]
[White "Schiffner, Kevin"]
[Black "Boos, Philipp"]
[Result "1-0"]
[Termination "normal"]
[Board "21"]
[WhiteElo "1429"]
[BlackElo "1586"]
[PlyCount "109"]
[WhiteFideId "24674940"]
[EventCountry "GER"]
[EventRounds "11"]
[EventType "swiss"]
[EventDate "2005.05.15"]

1. e4 d5 2. exd5 Nf6 3. Nc3 Nxd5 4. Nf3 Bg4 5. Ne4 e6 6. d4 Be7 7. Be2 Nf6 8.
Ng3 Nc6 9. Be3 O-O 10. O-O Nd5 11. c4 Nb6 12. Qd3 Bxf3 13. Bxf3 Ne5 14. Qc3
Nxf3+ 15. gxf3 Bf6 16. Rad1 Qe7 17. Qb3 Rfd8 18. Rd2 Rd7 19. Rfd1 Rad8 20. c5
Nd5 21. Qxb7 Qe8 22. Qb3 Rb8 23. Qa3 c6 24. Ne4 Be7 25. Nc3 Qd8 26. Nxd5 Rxd5
27. Bf4 Rb7 28. Qe3 Rbd7 29. Qc3 Bf6 30. Be3 Kf8 31. Kh1 Kg8 32. b4 Qc7 33. a4
Rh5 34. f4 Bg5 35. b5 Bxf4 36. Bxf4 Qxf4 37. Qg3 Qe4+ 38. Qg2 Qxg2+ 39. Kxg2
Rc7 40. Rb2 Kf8 41. bxc6 Rxc6 42. Rb8+ Ke7 43. Rb7+ Kd8 44. Rxa7 Rd5 45. Rxf7
Rg5+ 46. Kf1 Ra6 47. Rb1 Ke8 48. Rfb7 Rxa4 49. c6 Rc4 50. Ra1 Rd5 51. Rxg7 Rd8
52. Rg8+ Ke7 53. Ra7+ Kd6 54. Rxd8+ Kxc6 55. Rc8+ 1-0

[Event "DEM U12 2005"]
[Site "Willingen GER"]
[Date "2005.05.18"]
[Round "6"]
[White "Grünter, Martin"]
[Black "Risius, Philipp"]
[Result "1-0"]
[Termination "normal"]
[Board "22"]
[WhiteElo "1574"]
[BlackElo "1429"]
[PlyCount "81"]
[WhiteFideId "24640352"]
[BlackFideId "24630330"]
[EventCountry "GER"]
[EventRounds "11"]
[EventType "swiss"]
[EventDate "2005.05.15"]

1. e4 e5 2. Nf3 Nf6 3. d4 exd4 4. e5 Qe7 5. Be2 Ng4 6. Qxd4 d6 7. exd6 Qxd6 8.
Nc3 Qxd4 9. Nxd4 c6 10. O-O Bc5 11. Nb3 Bxf2+ 12. Rxf2 Nxf2 13. Kxf2 O-O 14.
Bg5 Bf5 15. Rc1 h6 16. Bf4 Nd7 17. h3 Nf6 18. Bf3 Rfe8 19. Nc5 g5 20. Bh2 g4
21. hxg4 Nxg4+ 22. Bxg4 Bxg4 23. Nxb7 Re6 24. Nc5 Rf6+ 25. Kg1 Re8 26. N3e4 Rg6
27. Kh1 f5 28. Nf2 Re2 29. Ncd3 Rg7 30. Be5 Rg5 31. Bh2 Kh7 32. c3 h5 33. Re1
Rc2 34. Re7+ Kg8 35. Rxa7 h4 36. a4 Be2 37. Bf4 Rg7 38. Rxg7+ Kxg7 39. a5 Bxd3
40. Nxd3 Re2 41. a6 1-0

[Event "DEM U12 2005"]
[Site "Willingen GER"]
[Date "2005.05.18"]
[Round "6"]
[White "Höfer, Michael"]
[Black "Meyer, Stephan"]
[Result "0-1"]
[Termination "normal"]
[Board "23"]
[WhiteElo "1507"]
[BlackElo "1395"]
[PlyCount "38"]
[WhiteFideId "24668850"]
[EventCountry "GER"]
[EventRounds "11"]
[EventType "swiss"]
[EventDate "2005.05.15"]

1. e4 c5 2. Nf3 Nc6 3. d4 cxd4 4. Nxd4 Nf6 5. Nc3 e6 6. Bf4 Bb4 7. Ndb5 e5 8.
Bg5 O-O 9. a3 Bc5 10. Nd5 Bxf2+ 11. Ke2 Nd4+ 12. Nxd4 Bxd4 13. Bxf6 gxf6 14. c3
d6 15. h3 Bb6 16. Ke1 f5 17. exf5 Bxf5 18. Qf3 Bg6 19. Bc4 Qh4+ 0-1

[Event "DEM U12 2005"]
[Site "Willingen GER"]
[Date "2005.05.18"]
[Round "6"]
[White "Müller, Tobias"]
[Black "Lindner, Robert"]
[Result "1/2-1/2"]
[Termination "normal"]
[Board "24"]
[WhiteElo "1493"]
[BlackElo "1391"]
[PlyCount "82"]
[WhiteFideId "24643394"]
[BlackFideId "24658847"]
[EventCountry "GER"]
[EventRounds "11"]
[EventType "swiss"]
[EventDate "2005.05.15"]

1. e4 e6 2. d4 d5 3. Nd2 c5 4. exd5 Qxd5 5. dxc5 Bxc5 6. Qf3 Nf6 7. Bc4 Qe5+ 8.
Qe2 Nc6 9. Ngf3 Qxe2+ 10. Bxe2 Nb4 11. Bd1 Bd7 12. a3 Nbd5 13. Nb3 Bb6 14. Be2
Rc8 15. Bd3 Bc6 16. O-O O-O 17. Nbd4 Ne7 18. Be3 Ng6 19. Bd2 Rfd8 20. Nxc6 Rxc6
21. Rfe1 Ng4 22. Re2 a6 23. h3 Nf6 24. Rb1 Nh5 25. Ne5 Rcc8 26. Nxg6 hxg6 27.
Ree1 Ng3 28. Bc3 Rd5 29. Be5 Nf5 30. Bxf5 gxf5 31. Bc3 Rc4 32. Red1 Rf4 33. Rf1
Kf8 34. g3 Re4 35. Rfe1 f6 36. Kf1 Kf7 37. Rxe4 fxe4 38. Ke2 Rf5 39. Rf1 Rf3
40. Bd2 Bd4 41. c3 Bb6 1/2-1/2

[Event "DEM U12 2005"]
[Site "Willingen GER"]
[Date "2005.05.18"]
[Round "6"]
[White "Lebek, Ricarda"]
[Black "Brumme, Jan"]
[Result "1/2-1/2"]
[Termination "normal"]
[Board "25"]
[WhiteElo "1394"]
[BlackElo "1487"]
[PlyCount "96"]
[WhiteFideId "4624688"]
[EventCountry "GER"]
[EventRounds "11"]
[EventType "swiss"]
[EventDate "2005.05.15"]

1. e4 e5 2. Nf3 Nc6 3. d4 exd4 4. Nxd4 Bc5 5. Be3 Qf6 6. c3 Nge7 7. Nc2 Bb6 8.
g3 d6 9. Bg2 O-O 10. O-O Ng6 11. f4 Re8 12. Nd2 Bd7 13. Qf3 Qe7 14. Rfe1 Rad8
15. Rad1 Qf8 16. Nc4 Be6 17. Nxb6 axb6 18. b3 Ra8 19. Ra1 Ra7 20. Qf2 Bd7 21.
Nd4 Nxd4 22. Bxd4 Qe7 23. a4 Nf8 24. e5 Be6 25. exd6 Qxd6 26. f5 Bd7 27. Rxe8
Bxe8 28. a5 Bb5 29. c4 Bc6 30. Bxc6 bxc6 31. axb6 Rxa1+ 32. Bxa1 cxb6 33. Qd4
Qxd4+ 34. Bxd4 Nd7 35. Kf2 g6 36. fxg6 fxg6 37. Ke3 Kf7 38. g4 Ke6 39. Ke4 b5
40. cxb5 cxb5 41. b4 Nb8 42. h4 Nc6 43. Bc3 Ne7 44. Kd4 Kd6 45. Ke4 Ke6 46. Kd4
Kd6 47. Ke4 Ke6 48. Kd4 Kd6 1/2-1/2